[Event "2. BUNDESLIGA MITTE 2014/2015"]
[Site "Sauwald"]
[Date "2014.11.15"]
[Round "4"]
[Board "3"]
[White "Enoeckl, Philipp"]
[Black "Windhager, Hannes"]
[Result "1-0"]
[WhiteElo "2349"]
[BlackElo "2187"]
[PlyCount "93"]
[EventDate "2014.10.03"]
[EventType "team"]
[EventRounds "11"]
[EventCountry "AUT"]
[WhiteTeam "SV Steyregg"]
[BlackTeam "Union Hartkirchen - Sektion Schach"]

1. d4 Nf6 2. c4 g6 3. Nc3 Bg7 4. e4 d6 5. Be2 O-O 6. Nf3 e5 7. O-O Nc6 8. d5
Ne7 9. Ne1 Nd7 10. f3 f5 11. Be3 f4 12. Bf2 g5 13. a4 a5 14. Nd3 b6 15. b4 axb4
16. Nxb4 Nf6 17. Nc6 Nxc6 18. dxc6 Qe8 19. Qb3 Be6 20. Nd5 Rf7 21. a5 bxa5 22.
Qb7 Bxd5 23. cxd5 Rb8 24. Rfb1 Rd8 25. Rxa5 g4 26. Bh4 g3 27. Rba1 gxh2+ 28.
Kh1 Qe7 29. Ra8 Rxa8 30. Rxa8+ Bf8 31. Qb8 Kg7 32. Ba6 Nd7 33. Bxe7 Nxb8 34.
Bd8 Nxa6 35. Rxa6 Kg6 36. Ra7 Be7 37. Bxc7 Bd8 38. Bb8 Rxa7 39. Bxa7 Bc7 40.
Kxh2 Kg5 41. Kh3 Kh5 42. Bf2 Bd8 43. Kh2 Kg5 44. Kg1 Bc7 45. Kf1 Kg6 46. Ke2
Kg5 47. Kd3 1-0

[Event "2. BUNDESLIGA MITTE 2014/2015"]
[Site "Sauwald"]
[Date "2014.11.15"]
[Round "4"]
[Board "4"]
[White "Mayerhofer, Peter"]
[Black "Wiesinger, Robert"]
[Result "1/2-1/2"]
[WhiteElo "2190"]
[BlackElo "2191"]
[PlyCount "98"]
[EventDate "2014.10.03"]
[EventType "team"]
[EventRounds "11"]
[EventCountry "AUT"]
[WhiteTeam "Union Hartkirchen - Sektion Schach"]
[BlackTeam "SV Steyregg"]

1. e4 e5 2. Nf3 Nc6 3. d4 exd4 4. Bc4 Bc5 5. c3 Nf6 6. e5 d5 7. Bb5 Ne4 8. cxd4
Bb6 9. O-O O-O 10. h3 Bf5 11. Be3 Nb8 12. Nc3 c6 13. Bd3 Ba5 14. Bxe4 dxe4 15.
Nd2 Bxc3 16. bxc3 Nd7 17. Qb1 Nb6 18. Nxe4 Re8 19. Re1 Qh4 20. Bg5 Qh5 21. Ng3
Bxb1 22. Nxh5 Bd3 23. Ng3 Nd5 24. Bd2 b5 25. Ne4 Bxe4 26. Rxe4 f5 27. Ree1 Kf7
28. a4 a6 29. Kf1 Nb6 30. axb5 axb5 31. Ke2 Ke6 32. Kd3 Kd5 33. g4 Rf8 34. Rxa8
Nxa8 35. f4 Nb6 36. e6 g6 37. gxf5 gxf5 38. Re5+ Kd6 39. e7 Re8 40. Rxf5 Rxe7
41. Re5 Rg7 42. f5 Nd5 43. Be1 Nf4+ 44. Ke4 Nd5 45. Kf3 Kd7 46. Re6 Ne7 47. Re5
Nd5 48. Re6 Ne7 49. Re5 Nd5 1/2-1/2

[Event "2. BUNDESLIGA MITTE 2014/2015"]
[Site "Sauwald"]
[Date "2014.11.15"]
[Round "4"]
[Board "5"]
[White "Pierecker, Markus"]
[Black "Kleibel, Uwe"]
[Result "0-1"]
[WhiteElo "2152"]
[BlackElo "2210"]
[PlyCount "80"]
[EventDate "2014.10.03"]
[EventType "team"]
[EventRounds "11"]
[EventCountry "AUT"]
[WhiteTeam "SV Steyregg"]
[BlackTeam "Union Hartkirchen - Sektion Schach"]

1. e4 d6 2. d4 Nf6 3. Nc3 e5 4. Nf3 Nbd7 5. Bc4 Be7 6. a4 O-O 7. O-O exd4 8.
Qxd4 Nc5 9. h3 Be6 10. Bf4 Bxc4 11. Qxc4 Nfxe4 12. Nxe4 d5 13. Nf6+ gxf6 14.
Qc3 Ne4 15. Qb3 Nc5 16. Qe3 Re8 17. Nd4 Bd6 18. Qg3+ Kh8 19. Bxd6 Qxd6 20. Qxd6
cxd6 21. Rfd1 Rad8 22. f3 Ne6 23. Kf2 a6 24. Nf5 Nf4 25. Ne3 Re5 26. Rd4 Rde8
27. Ra3 Ne6 28. Rxd5 Rxd5 29. Nxd5 Kg7 30. Rd3 Kg6 31. Ne3 Rd8 32. Rd5 Nc7 33.
Rd4 f5 34. Rf4 d5 35. Nxf5 Kg5 36. Kg3 Ne6 37. Nh6 Kxh6 38. Rxf7 Rg8+ 39. Kf2
Rg7 40. Rf6+ Rg6 0-1

[Event "2. BUNDESLIGA MITTE 2014/2015"]
[Site "Sauwald"]
[Date "2014.11.15"]
[Round "4"]
[Board "6"]
[White "Ganglberger, Robert"]
[Black "Raber, Florian"]
[Result "0-1"]
[WhiteElo "2043"]
[BlackElo "2109"]
[PlyCount "80"]
[EventDate "2014.10.03"]
[EventType "team"]
[EventRounds "11"]
[EventCountry "AUT"]
[WhiteTeam "Union Hartkirchen - Sektion Schach"]
[BlackTeam "SV Steyregg"]

1. d4 d5 2. Nf3 c6 3. c4 dxc4 4. e3 b5 5. a4 e6 6. axb5 cxb5 7. b3 Bb4+ 8. Bd2
Bxd2+ 9. Qxd2 a5 10. bxc4 b4 11. Be2 Nf6 12. O-O O-O 13. Ne5 Bb7 14. Qb2 Nbd7
15. Nxd7 Qxd7 16. Nd2 Ne4 17. Nxe4 Bxe4 18. f3 Bg6 19. Qb3 f6 20. c5 Rfb8 21.
Bc4 Bf7 22. Ra4 Ra7 23. Rfa1 Rba8 24. Qd3 Kh8 25. e4 Qc7 26. Qb3 Be8 27. R4a2
e5 28. Qe3 exd4 29. Qxd4 Rc8 30. Rd2 Raa8 31. Bd5 {mit Remisanbot} Rab8 32. c6
Bxc6 33. Bxc6 Qxc6 34. Rxa5 b3 35. Rd5 h6 36. Qb2 Qb6+ 37. Kf1 Ra8 38. Qb1 Rc3
39. Rb2 Rac8 40. Rd1 Rc2 0-1

[Event "2. BUNDESLIGA MITTE 2014/2015"]
[Site "Sauwald"]
[Date "2014.11.15"]
[Round "4"]
[Board "1"]
[White "Schmidt, Peter"]
[Black "Flumbort, Andras"]
[Result "1/2-1/2"]
[WhiteElo "2388"]
[BlackElo "2462"]
[PlyCount "60"]
[EventDate "2014.10.03"]
[EventType "team"]
[EventRounds "11"]
[EventCountry "AUT"]
[WhiteTeam "Spg. Sauwald"]
[BlackTeam "ASK St. Valentin"]

1. d4 d5 2. c4 c6 3. cxd5 cxd5 4. Bf4 Nc6 5. e3 Nf6 6. Nc3 a6 7. Be2 e6 8. Nf3
Bd6 9. Bg3 O-O 10. Rc1 Na5 11. Ne5 b5 12. O-O Bb7 13. Nd3 Bc6 14. a4 Bxg3 15.
hxg3 bxa4 16. Ne5 Be8 17. Nxa4 Rb8 18. Nc5 Rxb2 19. Bxa6 Rb6 20. Bd3 Nc6 21.
Nxc6 Bxc6 22. Rb1 Rxb1 23. Qxb1 Qb8 24. Qxb8 Rxb8 25. Rb1 Rxb1+ 26. Bxb1 Bb5
27. f3 Kf8 28. Kf2 Ke7 29. g4 g5 30. Bc2 h6 1/2-1/2

[Event "2. BUNDESLIGA MITTE 2014/2015"]
[Site "Sauwald"]
[Date "2014.11.15"]
[Round "4"]
[Board "2"]
[White "Hajnal, Zoltan"]
[Black "Renner, Christoph"]
[Result "1-0"]
[WhiteElo "2350"]
[BlackElo "2351"]
[PlyCount "57"]
[EventDate "2014.10.03"]
[EventType "team"]
[EventRounds "11"]
[EventCountry "AUT"]
[WhiteTeam "ASK St. Valentin"]
[BlackTeam "Spg. Sauwald"]

1. d4 d5 2. Nc3 Bf5 3. f3 e6 4. e4 Bg6 5. Nge2 Nc6 6. Be3 Bb4 7. a3 Bxc3+ 8.
Nxc3 dxe4 9. fxe4 Nf6 10. Bd3 O-O 11. e5 Nd5 12. Nxd5 Qxd5 13. O-O Rad8 14.
Bxg6 hxg6 15. c3 Na5 16. Qg4 c5 17. Rf3 cxd4 18. cxd4 Nc4 19. Bf2 Nd2 20. Rh3
Qe4 21. Qd1 Nc4 22. Rh4 Qf5 23. Qe2 Nb6 24. Rf1 Qg5 25. Rh3 Qe7 26. Qg4 Rd5 27.
Be3 Nc4 28. Bg5 f6 29. Qh4 1-0

[Event "2. BUNDESLIGA MITTE 2014/2015"]
[Site "Sauwald"]
[Date "2014.11.15"]
[Round "4"]
[Board "3"]
[White "Hiermann, Dietmar"]
[Black "Sandhoefner, Florian"]
[Result "1/2-1/2"]
[WhiteElo "2290"]
[BlackElo "2336"]
[PlyCount "61"]
[EventDate "2014.10.03"]
[EventType "team"]
[EventRounds "11"]
[EventCountry "AUT"]
[WhiteTeam "Spg. Sauwald"]
[BlackTeam "ASK St. Valentin"]

1. e4 {[%emt 0:00:00]} c5 {[%emt 0:00:00]} 2. Nc3 e6 3. Nf3 a6 4. d4 cxd4 5.
Nxd4 Qc7 6. Bd3 Nf6 7. O-O Nc6 8. Nxc6 dxc6 9. a4 e5 10. h3 Bc5 11. Bg5 Be6 12.
Qf3 Nd7 13. Rfb1 f6 14. Bd2 a5 15. Nd1 O-O 16. Ne3 Rfd8 17. Rd1 Nf8 18. Bf1 Rd7
19. Nc4 b6 20. Be3 Bxe3 21. Qxe3 Rxd1 22. Rxd1 b5 23. Na3 bxa4 24. Bc4 Rb8 25.
Qc5 Bxc4 26. Nxc4 Rb5 27. Qd6 Qxd6 28. Rxd6 a3 29. Nxa3 Rxb2 30. Rxc6 Ra2 31.
Nb5 1/2-1/2

[Event "2. BUNDESLIGA MITTE 2014/2015"]
[Site "Sauwald"]
[Date "2014.11.15"]
[Round "4"]
[Board "4"]
[White "Kranzl, Peter"]
[Black "Testor, Sebastian"]
[Result "1/2-1/2"]
[WhiteElo "2215"]
[BlackElo "2286"]
[PlyCount "60"]
[EventDate "2014.10.03"]
[EventType "team"]
[EventRounds "11"]
[EventCountry "AUT"]
[WhiteTeam "ASK St. Valentin"]
[BlackTeam "Spg. Sauwald"]

1. e4 e6 2. d4 d5 3. Nd2 Be7 4. Ngf3 Nf6 5. Bd3 c5 6. c3 cxd4 7. cxd4 dxe4 8.
Nxe4 Nc6 9. O-O O-O 10. Be3 Nd5 11. Rc1 Bd6 12. a3 Nce7 13. Bb1 b6 14. Qd3 f5
15. Nxd6 Qxd6 16. Rfe1 Bb7 17. Ne5 Rac8 18. Bd2 Rxc1 19. Rxc1 Nc6 20. Nxc6 Bxc6
21. Qg3 Qxg3 22. hxg3 Rc8 23. Ba2 Bd7 24. Bxd5 Rxc1+ 25. Bxc1 exd5 26. Bf4 Kf7
27. Bb8 a6 28. Bc7 b5 29. Kf1 b4 30. axb4 Bb5+ 1/2-1/2

[Event "2. BUNDESLIGA MITTE 2014/2015"]
[Site "Sauwald"]
[Date "2014.11.15"]
[Round "4"]
[Board "5"]
[White "Hellmayr, Alois"]
[Black "Tober, Gerhard"]
[Result "1-0"]
[WhiteElo "2237"]
[BlackElo "2229"]
[PlyCount "63"]
[EventDate "2014.10.03"]
[EventType "team"]
[EventRounds "11"]
[EventCountry "AUT"]
[WhiteTeam "Spg. Sauwald"]
[BlackTeam "ASK St. Valentin"]

1. d4 e6 2. Nf3 d5 3. e3 Nf6 4. c4 b6 5. Nc3 Bd6 6. Bd3 O-O 7. e4 dxe4 8. Nxe4
Bb4+ 9. Bd2 Bxd2+ 10. Qxd2 Bb7 11. Qe3 Nbd7 12. Rd1 Qe7 13. O-O Rac8 14. Rd2 c5
15. b3 cxd4 16. Nxd4 Nc5 17. Nxc5 Qxc5 18. Rfd1 Rcd8 19. Nc2 Qc6 20. f3 Rd7 21.
Bxh7+ Kxh7 22. Rxd7 Nxd7 23. Qd3+ Kg8 24. Qxd7 Qc5+ 25. Kf1 Ba8 26. Qxa7 e5 27.
Qa3 Qc8 28. Ne3 e4 29. f4 Qb8 30. Qd6 Qa7 31. Nf5 g6 32. Qxf8+ 1-0

[Event "2. BUNDESLIGA MITTE 2014/2015"]
[Site "Sauwald"]
[Date "2014.11.15"]
[Round "4"]
[Board "6"]
[White "Heimberger, Reinhard"]
[Black "Taggatz, Mario"]
[Result "0-1"]
[WhiteElo "2254"]
[BlackElo "2193"]
[PlyCount "130"]
[EventDate "2014.10.03"]
[EventType "team"]
[EventRounds "11"]
[EventCountry "AUT"]
[WhiteTeam "ASK St. Valentin"]
[BlackTeam "Spg. Sauwald"]

1. d4 f5 2. g3 Nf6 3. Bg2 g6 4. Nf3 Bg7 5. O-O O-O 6. b3 d6 7. Bb2 Ne4 8. Nbd2
Nc6 9. c4 Nxd2 10. Qxd2 e5 11. d5 Ne7 12. Rac1 h6 13. c5 f4 14. e4 g5 15. Ne1
Ng6 16. f3 h5 17. Qa5 b6 18. cxb6 cxb6 19. Qc3 Rf7 20. Nd3 g4 21. Nb4 Bh6 22.
Rc2 Bd7 23. Nc6 Qg5 24. Ba3 Bf8 25. Bc1 h4 26. fxg4 hxg3 27. hxg3 Qxg4 28. Bf3
Qg5 29. Rg2 Rg7 30. gxf4 Qh4 31. f5 Nf4 32. Bxf4 exf4 33. Rff2 Rg3 34. Be2 Bg7
35. Qd2 Bxc6 36. dxc6 f3 37. Bxf3 Rh3 38. Qd5+ Kh8 39. Rh2 Be5 40. Rxh3 Qxh3
41. Bg2 Qe3 42. f6 Qc1+ 43. Bf1 Rg8+ 44. Qxg8+ Kxg8 45. f7+ Kf8 46. Rf3 Qg5+
47. Kf2 Qd2+ 48. Be2 Bd4+ 49. Kf1 Qc1+ 50. Kg2 Qg1+ 51. Kh3 Qh1+ 52. Kg3 Be5+
53. Kf2 Qh2+ 54. Ke3 Qh6+ 55. Kd3 Qc1 56. Bf1 Qxc6 57. Bh3 Qc3+ 58. Ke2 Qc2+
59. Ke3 Qc1+ 60. Ke2 Qb2+ 61. Kd3 Qd4+ 62. Ke2 Qxe4+ 63. Kf2 d5 64. Bf1 Bf4 65.
Bd3 Qd4+ 0-1

[Event "2. BUNDESLIGA MITTE 2014/2015"]
[Site "Fuerstenfeld"]
[Date "2014.11.15"]
[Round "4"]
[Board "1"]
[White "Krebs, Johann"]
[Black "Schnider, Gert"]
[Result "0-1"]
[WhiteElo "2265"]
[BlackElo "2338"]
[PlyCount "94"]
[EventDate "2014.10.03"]
[EventType "team"]
[EventRounds "11"]
[EventCountry "AUT"]
[WhiteTeam "Strassenbahn Graz"]
[BlackTeam "Schachfreunde Graz"]

1. d4 Nf6 2. c4 e6 3. Nf3 d5 4. cxd5 exd5 5. Nc3 Bb4 6. Qa4+ Nc6 7. Bg5 h6 8.
Bh4 Bd7 9. Rc1 g5 10. Bg3 g4 11. Nd2 a5 12. Qd1 Nxd4 13. Nxd5 Nxd5 14. Be5 O-O
15. Bxd4 Qe7 16. e3 c5 17. Bc3 Bf5 18. Be2 Nxc3 19. bxc3 Ba3 20. Rb1 Bxb1 21.
Qxb1 c4 22. Nxc4 Bc5 23. Qf5 Qg5 24. Bxg4 Rfd8 25. Ke2 Qg7 26. Rb1 b6 27. Ne5
Rd5 28. f4 Re8 29. c4 Rd6 30. Bf3 f6 31. Qh5 Re7 32. Ng4 Kh7 33. Rb3 a4 34. Rd3
Rxd3 35. Kxd3 Qg6+ 36. Qxg6+ Kxg6 37. e4 Rd7+ 38. Ke2 Bb4 39. e5 Rd2+ 40. Ke3
f5 41. Nf6 Rxa2 42. Bh5+ Kg7 43. g4 a3 44. Ne8+ Kf8 45. g5 Rxh2 46. g6 Rxh5 47.
g7+ Kg8 0-1

[Event "2. BUNDESLIGA MITTE 2014/2015"]
[Site "Fuerstenfeld"]
[Date "2014.11.15"]
[Round "4"]
[Board "2"]
[White "Kravanja, Georg"]
[Black "Pesorda, Ivan"]
[Result "1-0"]
[WhiteElo "2221"]
[BlackElo "2236"]
[PlyCount "37"]
[EventDate "2014.10.03"]
[EventType "team"]
[EventRounds "11"]
[EventCountry "AUT"]
[WhiteTeam "Schachfreunde Graz"]
[BlackTeam "Strassenbahn Graz"]

1. d4 Nf6 2. c4 c6 3. Nf3 d5 4. e3 a6 5. Bd3 Bg4 6. Nbd2 e6 7. Qc2 Nbd7 8. b3
c5 9. O-O Qa5 10. Bb2 b5 11. cxd5 Nxd5 12. e4 Nf4 13. d5 Qc7 14. Rac1 Bd6 15.
Rfe1 O-O 16. e5 exd5 17. exd6 Qxd6 18. Bxh7+ Kh8 19. Bf5 1-0

[Event "2. BUNDESLIGA MITTE 2014/2015"]
[Site "Fuerstenfeld"]
[Date "2014.11.15"]
[Round "4"]
[Board "3"]
[White "Steiner, Stefan"]
[Black "Krockenberger, Martin"]
[Result "1-0"]
[WhiteElo "2269"]
[BlackElo "2167"]
[PlyCount "47"]
[EventDate "2014.10.03"]
[EventType "team"]
[EventRounds "11"]
[EventCountry "AUT"]
[WhiteTeam "Strassenbahn Graz"]
[BlackTeam "Schachfreunde Graz"]

1. Nf3 e6 2. d4 f5 3. d5 Bb4+ 4. c3 Bd6 5. dxe6 dxe6 6. Nbd2 Nf6 7. e4 fxe4 8.
Nxe4 Nc6 9. Bd3 Bd7 10. Bg5 Qe7 11. Qc2 O-O-O 12. O-O-O Qf7 13. Bb5 Be7 14.
Rhe1 Qh5 15. Ng3 Qg6 16. Qxg6 hxg6 17. h3 Rhf8 18. Nd2 Nd5 19. Bxe7 Ndxe7 20.
f3 Nf5 21. Nge4 b6 22. Nc4 Kb7 23. Bxc6+ Kxc6 24. Ne5+ 1-0

[Event "2. BUNDESLIGA MITTE 2014/2015"]
[Site "Fuerstenfeld"]
[Date "2014.11.15"]
[Round "4"]
[Board "4"]
[White "Kastner, Walter"]
[Black "Teuschler, Barbara"]
[Result "1-0"]
[WhiteElo "2230"]
[BlackElo "2174"]
[PlyCount "65"]
[EventDate "2014.10.03"]
[EventType "team"]
[EventRounds "11"]
[EventCountry "AUT"]
[WhiteTeam "Schachfreunde Graz"]
[BlackTeam "Strassenbahn Graz"]

1. Nf3 d5 2. e3 Nf6 3. c4 c6 4. Nc3 e6 5. Qc2 Nbd7 6. b3 Bd6 7. Be2 O-O 8. d4
dxc4 9. bxc4 e5 10. O-O Re8 11. h3 Bb8 12. Bd3 Qc7 13. Bd2 h6 14. Rae1 a6 15.
dxe5 Nxe5 16. Nxe5 Rxe5 17. f4 Re8 18. e4 Ba7+ 19. Kh1 Nh5 20. Rf3 Qe7 21. Ref1
Bg4 22. e5 Bxf3 23. Rxf3 b5 24. Ne4 Rad8 25. c5 Rd5 26. Be3 Red8 27. Nd6 f6 28.
Bh7+ Kh8 29. Bg6 fxe5 30. fxe5 Rxe5 31. Nf7+ Kg8 32. Bh7+ Kf8 33. Nxe5+ 1-0

[Event "2. BUNDESLIGA MITTE 2014/2015"]
[Site "Fuerstenfeld"]
[Date "2014.11.15"]
[Round "4"]
[Board "5"]
[White "Detter, Peter"]
[Black "Birk, Steffen"]
[Result "0-1"]
[WhiteElo "2040"]
[BlackElo "2220"]
[PlyCount "82"]
[EventDate "2014.10.03"]
[EventType "team"]
[EventRounds "11"]
[EventCountry "AUT"]
[WhiteTeam "Strassenbahn Graz"]
[BlackTeam "Schachfreunde Graz"]

1. e4 Nf6 2. e5 Nd5 3. c4 Nb6 4. d4 d6 5. exd6 exd6 6. Nc3 Nc6 7. d5 Ne5 8. f4
Ned7 9. Nf3 Be7 10. Be3 a5 11. Bd3 Nc5 12. Bxc5 dxc5 13. O-O O-O 14. Qc2 f5 15.
Rae1 g6 16. Re2 Bd7 17. Rfe1 Bf6 18. Ne5 Be8 19. Qb3 a4 20. Qa3 Qd6 21. b3 c6
22. bxa4 cxd5 23. Nxd5 Nxd5 24. cxd5 Rxa4 25. Nc4 Rxa3 26. Nxd6 Rxd3 27. Rxe8
Rxd5 28. Nxb7 Rd7 29. Rxf8+ Kxf8 30. Rb1 Rd2 31. a4 Bd4+ 32. Kh1 c4 33. Na5 c3
34. Nb3 Rb2 35. Rxb2 cxb2 36. Nd2 Ke7 37. g3 Kd6 38. Kg2 Kc5 39. Kf3 Bc3 40.
Nb1 Bb4 41. Ke2 Kc4 0-1

[Event "2. BUNDESLIGA MITTE 2014/2015"]
[Site "Fuerstenfeld"]
[Date "2014.11.15"]
[Round "4"]
[Board "6"]
[White "Suppan, Harald"]
[Black "Kainz, Josef"]
[Result "1-0"]
[WhiteElo "2086"]
[BlackElo "1943"]
[PlyCount "65"]
[EventDate "2014.10.03"]
[EventType "team"]
[EventRounds "11"]
[EventCountry "AUT"]
[WhiteTeam "Schachfreunde Graz"]
[BlackTeam "Strassenbahn Graz"]

1. e4 c5 2. Bc4 Nc6 3. f4 g6 4. d3 Bg7 5. Nf3 a6 6. c3 Na5 7. Bb3 Nxb3 8. axb3
d6 9. Be3 Nf6 10. Nbd2 O-O 11. h3 Ne8 12. g4 Qc7 13. Qe2 b5 14. Nf1 e6 15. h4
f5 16. g5 e5 17. fxe5 fxe4 18. dxe4 Bg4 19. N1h2 Bh5 20. O-O-O Bxe5 21. Rdf1 d5
22. Qd3 d4 23. Nxe5 Rxf1+ 24. Rxf1 Qxe5 25. Bf4 Qg7 26. Nf3 Bxf3 27. Qxf3 Nc7
28. Bxc7 Qxc7 29. e5 Re8 30. Qd5+ Kg7 31. e6 Re7 32. Qa8 Rxe6 33. Qf8# 1-0

[Event "2. BUNDESLIGA MITTE 2014/2015"]
[Site "Fuerstenfeld"]
[Date "2014.11.15"]
[Round "4"]
[Board "1"]
[White "Poetz, Florian"]
[Black "Schachinger, Mario"]
[Result "1/2-1/2"]
[WhiteElo "2390"]
[BlackElo "2414"]
[PlyCount "102"]
[EventDate "2014.10.03"]
[EventType "team"]
[EventRounds "11"]
[EventCountry "AUT"]
[WhiteTeam "Spg.Sparkasse Fuerstenfeld/Hartberg"]
[BlackTeam "SC MPOE Maria Saal II"]

1. e4 e5 2. Nf3 Nc6 3. Bb5 Nf6 4. d3 Bc5 5. c3 O-O 6. O-O Re8 7. Nbd2 a6 8. Ba4
Ba7 9. Re1 d6 10. h3 Nd7 11. Nf1 Nc5 12. Bc2 Ne6 13. N3h2 Ne7 14. Be3 Ng6 15.
Bxa7 Rxa7 16. g3 Ng5 17. h4 Nh3+ 18. Kg2 Nxh4+ 19. gxh4 Qxh4 20. Qf3 Nf4+ 21.
Kh1 Re6 22. Ne3 Rg6 23. Nf5 Bxf5 24. exf5 Rg2 25. Qxg2 Nxg2 26. Kxg2 Qg5+ 27.
Kf1 Qh5 28. Kg2 Qg5+ 29. Kf1 Qh5 30. Kg1 Qg5+ 31. Kh1 Qd2 32. Rac1 Qxf2 33. d4
f6 34. dxe5 fxe5 35. Rf1 Qh4 36. Rce1 Ra8 37. Re4 Qh6 38. Rb4 Qd2 39. Be4 d5
40. Bg2 e4 41. Rxb7 Rd8 42. f6 gxf6 43. Rxc7 Kh8 44. Bh3 Rg8 45. Rxf6 Qe3 46.
Bg4 h5 47. Rff7 Qe1+ 48. Kg2 Qe2+ 49. Kh1 Qe1+ 50. Kg2 Qe2+ 51. Kh1 Qe1+
 1/2-1/2

[Event "2. BUNDESLIGA MITTE 2014/2015"]
[Site "Fuerstenfeld"]
[Date "2014.11.15"]
[Round "4"]
[Board "2"]
[White "Halvax, Georg"]
[Black "Freitag, Manfred"]
[Result "1/2-1/2"]
[WhiteElo "2360"]
[BlackElo "2379"]
[PlyCount "31"]
[EventDate "2014.10.03"]
[EventType "team"]
[EventRounds "11"]
[EventCountry "AUT"]
[WhiteTeam "SC MPOE Maria Saal II"]
[BlackTeam "Spg.Sparkasse Fuerstenfeld/Hartberg"]

1. e4 e6 2. d4 d5 3. Nc3 Nf6 4. e5 Nfd7 5. f4 c5 6. Nf3 Nc6 7. Be3 cxd4 8. Nxd4
Qb6 9. Ncb5 a6 10. Nf5 Bc5 11. Nbd6+ Kf8 12. Qh5 Nd8 13. Nxg7 Bxe3 14. Nxe6+
fxe6 15. Qh6+ Kg8 16. Qg5+ 1/2-1/2

[Event "2. BUNDESLIGA MITTE 2014/2015"]
[Site "Fuerstenfeld"]
[Date "2014.11.15"]
[Round "4"]
[Board "3"]
[White "Kuba, Guenter"]
[Black "Kreisl, Robert"]
[Result "1/2-1/2"]
[WhiteElo "2374"]
[BlackElo "2421"]
[PlyCount "42"]
[EventDate "2014.10.03"]
[EventType "team"]
[EventRounds "11"]
[EventCountry "AUT"]
[WhiteTeam "Spg.Sparkasse Fuerstenfeld/Hartberg"]
[BlackTeam "SC MPOE Maria Saal II"]

1. e4 c6 2. d4 d5 3. exd5 cxd5 4. Bd3 Nc6 5. c3 Qc7 6. h3 Nf6 7. Ne2 e5 8. dxe5
Nxe5 9. Bb5+ Bd7 10. Bxd7+ Qxd7 11. O-O Bc5 12. Bf4 Ng6 13. Nd2 Nxf4 14. Nxf4
O-O 15. Qf3 Rfe8 16. Rad1 Rad8 17. Nb3 Bd6 18. Nd4 Bc5 19. Nb3 Bd6 20. Nd4 Bc5
21. Nb3 Bd6 1/2-1/2

[Event "2. BUNDESLIGA MITTE 2014/2015"]
[Site "Fuerstenfeld"]
[Date "2014.11.15"]
[Round "4"]
[Board "4"]
[White "Tomazini, Zan"]
[Black "Radnetter, Georg"]
[Result "1-0"]
[WhiteElo "2392"]
[BlackElo "2256"]
[PlyCount "75"]
[EventDate "2014.10.03"]
[EventType "team"]
[EventRounds "11"]
[EventCountry "AUT"]
[WhiteTeam "SC MPOE Maria Saal II"]
[BlackTeam "Spg.Sparkasse Fuerstenfeld/Hartberg"]

1. e4 e6 2. d4 d5 3. Nd2 c5 4. Ngf3 cxd4 5. exd5 Qxd5 6. Bc4 Qd6 7. O-O Nf6 8.
Nb3 Nc6 9. Nbxd4 Nxd4 10. Nxd4 a6 11. Re1 Qc7 12. Qe2 Bd6 13. Bg5 O-O 14. Bd3
Bxh2+ 15. Kh1 Bf4 16. Bxf6 gxf6 17. g3 Rd8 18. Qg4+ Kf8 19. c3 Be5 20. Bxh7
Bxd4 21. cxd4 b5 22. Kg1 Bb7 23. Re3 Rd5 24. Rae1 Rg5 25. Qh4 Kg7 26. f4 Rf5
27. Qg4+ Kxh7 28. R3e2 Rg5 29. fxg5 f5 30. Qh4+ Kg8 31. Rh2 Kf8 32. Qh8+ Ke7
33. Qf6+ Kd6 34. Rh7 Qc6 35. Qe5+ Ke7 36. Qf6+ Kd6 37. Rxe6+ fxe6 38. Qe5# 1-0

[Event "2. BUNDESLIGA MITTE 2014/2015"]
[Site "Fuerstenfeld"]
[Date "2014.11.15"]
[Round "4"]
[Board "5"]
[White "Kiss, Attila"]
[Black "Rieger, Robert"]
[Result "1/2-1/2"]
[WhiteElo "2383"]
[BlackElo "2293"]
[PlyCount "39"]
[EventDate "2014.10.03"]
[EventType "team"]
[EventRounds "11"]
[EventCountry "AUT"]
[WhiteTeam "Spg.Sparkasse Fuerstenfeld/Hartberg"]
[BlackTeam "SC MPOE Maria Saal II"]

1. e4 c5 2. Nf3 d6 3. d4 cxd4 4. Nxd4 Nf6 5. Nc3 g6 6. Be3 Bg7 7. f3 Nc6 8. Qd2
O-O 9. O-O-O d5 10. exd5 Nxd5 11. Nxc6 bxc6 12. Nxd5 cxd5 13. Qxd5 Qc7 14. Qc5
Qb8 15. b3 Be6 16. Qb5 Qc7 17. Qc5 Qb8 18. Qb5 Qc7 19. Qc5 Qb8 20. Bb5 1/2-1/2

[Event "2. BUNDESLIGA MITTE 2014/2015"]
[Site "Fuerstenfeld"]
[Date "2014.11.15"]
[Round "4"]
[Board "6"]
[White "Ertl, Johann"]
[Black "Hatzl, Johannes"]
[Result "1-0"]
[WhiteElo "2277"]
[BlackElo "2101"]
[PlyCount "87"]
[EventDate "2014.10.03"]
[EventType "team"]
[EventRounds "11"]
[EventCountry "AUT"]
[WhiteTeam "SC MPOE Maria Saal II"]
[BlackTeam "Spg.Sparkasse Fuerstenfeld/Hartberg"]

1. e4 c5 2. Nf3 Nc6 3. d4 cxd4 4. Nxd4 e5 5. Nb5 d6 6. N1c3 a6 7. Na3 b5 8. Nd5
Nf6 9. Bg5 Qa5+ 10. Bd2 Qd8 11. Bg5 Qa5+ 12. Bd2 Qd8 13. c4 b4 14. Nxf6+ Qxf6
15. Nc2 Qg6 16. Qe2 a5 17. g3 Be7 18. Bg2 O-O 19. O-O Rb8 20. Qd3 Kh8 21. Ne3
Bd8 22. Nf5 Bc7 23. h4 Qe6 24. Rad1 g6 25. Bh6 Rd8 26. Bg7+ Kg8 27. Bh3 gxf5
28. exf5 Qd7 29. Bf6 h6 30. Qe4 Kh7 31. Bxd8 Qxd8 32. f6+ Kh8 33. Bxc8 Nd4 34.
Rxd4 exd4 35. Qf4 Qf8 36. Bd7 Bb6 37. Re1 Bc5 38. Bc6 Rd8 39. Bd5 Qg8 40. Re7
d3 41. Be4 Qf8 42. Rxf7 Qxf7 43. Qxh6+ Kg8 44. Bd5 1-0

[Event "2. BUNDESLIGA MITTE 2014/2015"]
[Site "Fuerstenfeld"]
[Date "2014.11.15"]
[Round "4"]
[Board "1"]
[White "Horvath, Adam"]
[Black "Kovacs, Gabor"]
[Result "0-1"]
[WhiteElo "2530"]
[BlackElo "2482"]
[PlyCount "71"]
[EventDate "2014.10.03"]
[EventType "team"]
[EventRounds "11"]
[EventCountry "AUT"]
[WhiteTeam "RbEJ Gleisdorf"]
[BlackTeam "Union Styria Graz"]

1. e4 e5 2. Nf3 Nf6 3. Nxe5 d6 4. Nf3 Nxe4 5. Nc3 Nxc3 6. dxc3 Be7 7. Be3 O-O
8. Qd2 Qe8 9. O-O-O Qa4 10. Kb1 Nc6 11. h4 Be6 12. b3 Qa5 13. Bg5 Rfe8 14. Bd3
Bf8 15. h5 h6 16. Be3 Be7 17. Nd4 Nxd4 18. cxd4 Qxd2 19. Bxd2 Bf6 20. c3 c5 21.
dxc5 dxc5 22. Kc2 c4 23. bxc4 Rac8 24. Rhe1 Red8 25. f3 Bd7 26. Kb3 Ba4+ 27.
Kxa4 Rxd3 28. Kb3 Kh7 29. Kc2 Rd6 30. Rb1 b6 31. Re4 Rdc6 32. Kb3 Rc5 33. g4 b5
34. cxb5 Rxb5+ 35. Kc2 Rd5 36. Kc1 {restliche ZÃ1/4ge unleserlich} 0-1